| 000 | 00464nam a2200181Ia 4500 | ||
|---|---|---|---|
| 003 | GCL | ||
| 008 | 140319s9999 xx 000 0 eng d | ||
| 040 |
_aGCL / _cGCL |
||
| 082 | 0 | 4 |
_a633.82 _bP U |
| 100 | 1 | _aPIGGATT,J.R | |
| 245 | 1 | 0 |
_aUNDERSDING NATURAL FLAVORS / _cPIGGATT,J.R |
| 700 | 1 | _aPATERSON, A | |
| 260 |
_a[S.N] : _bBLACKIE ACADEMIC & PROFESSIONAL ، _c1994 |
||
| 300 | _a318 P | ||
| 650 | 0 | 4 | _aFLAVOR |
| 650 | 0 | 4 | _aFOOD -ANALYSIS |
| 942 |
_2ddc _cBK |
||
| 999 |
_c14961 _d14961 |
||